00332nam a2200133Ia 4500008004100000041000800041082001500049100002000064245002200084250001400106260003900120300003200159365000700191240624s9999 xx 000 0 und d aeng a005.43 DEI aDEITEL HARVEY M aOPERATING SYSTEMS a(2nd ed.) c2003aNew DelhibPearson Education axxvi, : 853 : p. : cm. ; 25 cRS